| 000 | 00805nam a2200193Ia 4500 | ||
|---|---|---|---|
| 003 | GCL | ||
| 008 | 140319s9999 xx 000 0 ara d | ||
| 040 |
_aGCL / _cGCL |
||
| 082 | 0 | 4 |
_aق _b330.962 _bس م |
| 100 | 1 | _aسامية سعيد امام | |
| 245 | 1 | 0 |
_aمن يملك مصر ! : _bدراسة تحليلية لاصول اجتماعية لنخبة الانفتاح الاقتصادى فى المجتمع المصرى 1974 - 1980 / _cسامية سعيد امام |
| 250 | _aالثانية | ||
| 260 |
_aسوريا : _bدار كنعان للدراسات والنشر ، _c1991 |
||
| 300 |
_a353 ؛ _c24 سم |
||
| 650 | 0 | 4 | _aالاقتصاد - احصائيات |
| 650 | 0 | 4 | _aمصر - الاحوال الاقتصادية |
| 650 | 0 | 4 | _aمصر - الاحوال الاجتماعية |
| 942 |
_2ddc _cBK |
||
| 999 |
_c44311 _d44311 |
||